Priorities in Health (Record no. 604966)

MARC details
000 -LEADER
fixed length control field 00399nam a2200157Ia 4500
008 - FIXED-LENGTH DATA ELEMENTS--GENERAL INFORMATION
fixed length control field 100415s9999 xx 000 0 und d
082 ## - DEWEY DECIMAL CLASSIFICATION NUMBER
Item number 22084
Classification number 613
100 ## - MAIN ENTRY--PERSONAL NAME
Personal name Jamison, Dean T.
245 ## - TITLE STATEMENT
Title Priorities in Health
260 ## - PUBLICATION, DISTRIBUTION, ETC. (IMPRINT)
Place of publication, distribution, etc WASHINGTON D.C
Date of publication, distribution, etc 2006
Name of publisher, distributor, etc WORLD BANK
365 ## - TRADE PRICE
Price amount 0
530 ## - ADDITIONAL PHYSICAL FORM AVAILABLE NOTE
Availability source Complimentary
630 ## - SUBJECT ADDED ENTRY--UNIFORM TITLE
Uniform title Priorities in Health
730 ## - ADDED ENTRY--UNIFORM TITLE
Uniform title Priorities in Health
942 ## - ADDED ENTRY ELEMENTS (KOHA)
Koha item type Book
Holdings
Withdrawn status Lost status Damaged status Not for loan Home library Current library Date acquired Cost, normal purchase price Total Checkouts Full call number Barcode Date last seen Price effective from Koha item type
        Bombay Natural History Society Bombay Natural History Society 10/18/2007 0.00   613 22084 BNHS-22084 04/15/2010 04/15/2010 Book